Diagnóza: Roma sapiens alebo keď nám žačnú rásť zúbky...

Bibliographic Details
Main Author: Gergeľ, Miro (Author)
Format: Article
Language:Slovak
Subjects:

MARC

LEADER 00000nab a2200000 ar4500
001 vtls009287465
003 SK-MaSNL
005 20260303060312.0
008 080421c2007 xo zr|n|||||||000 b|slo
015 |a SNBRB2007/11  |2 snkbucl 
038 |a SNKBUCL 
040 |a SNKBUCL  |b slo  |e AACR2  |c SNKBUCL 
041 0 |a slo 
044 |a xo  |c SK 
080 |a 331.56(=214.58)(437.6)  |2 2001 
080 |a 364.048.4(=214.58)(437.6)  |2 2001 
100 1 |a Gergeľ, Miro  |4 aut  |9 1052923 
245 1 0 |a Diagnóza: Roma sapiens  |b alebo keď nám žačnú rásť zúbky...  |c Miro Gergeľ 
650 0 7 |a Rómovia  |x chudoba  |x dôsledky  |2 snkbucl  |9 1052924 
650 0 7 |a nezamestnanosť  |x dôsledky  |x hlad  |2 snkbucl  |9 1052925 
650 0 7 |a životné minimum  |x ohrozené skupiny  |x chudoba  |2 snkbucl  |9 1052926 
773 0 |t Romano nevo ľil  |g Roč. XVII, č. 793-796 (2007), s. 7 
852 |a SNK  |b KIS3GCP 
958 |a SK  |a RQ 
999 |c 1730921  |d 1732851